[Event "BCF-chT3 0102 (4NCL)"]
[Site "Birmingham"]
[Date "2001.11.24"]
[Round "3.2"]
[White "Rattray, Ross"]
[Black "Mason, Donald"]
[Result "1/2-1/2"]
[WhiteElo "2076"]
[BlackElo "2282"]
[PlyCount "71"]
[EventDate "2001.09.??"]
[EventType "team"]
[EventRounds "11"]
[EventCountry "ENG"]
[SourceTitle "EXT 2003"]
[Source "ChessBase"]
[SourceDate "2002.11.25"]
[SourceVersion "1"]
[SourceVersionDate "2002.11.25"]
[SourceQuality "1"]
[WhiteTeam "South County Stars"]
[BlackTeam "Warwicks Select II"]
[WhiteTeamCountry "ENG"]
[BlackTeamCountry "ENG"]

1. e4 e6 2. d4 d5 3. Nc3 Bb4 4. Nge2 Nc6 5. e5 f6 6. exf6 Qxf6 7. Be3 Nh6 8. Qd2 0-0 9. 0-0-0 Ng4 10. f3 Nxe3 11. Qxe3 Bd7 12. a3 Bd6 13. Nb5 Na5 14. Nxd6 cxd6 15. Ng3 Rac8 16. Kb1 Nc4 17. Bxc4 Rxc4 18. Rd2 b5 19. b3 Rc6 20. Rf1 Rfc8 21. Nh5 Qg6 22. Nf4 Qh6 23. g3 Rc3 24. Qe1 a5 25. Ne2 Re3 26. h4 a4 27. Qd1 axb3 28. c3 b4 29. axb4 Bb5 30. Re1 Qg6+ 31. Kb2 Bxe2 32. Rdxe2 Rexc3 33. Rxe6 Rc2+ 34. Kxb3 R2c3+ 35. Kb2 Rc2+ 36. Kb3 1/2-1/2

[Event "BCF-chT3b 0001 (4NCL)"]
[Site "Birmingham"]
[Date "2000.11.25"]
[Round "3.4"]
[White "Rattray, Ross"]
[Black "Morris, Gareth"]
[Result "0-1"]
[WhiteElo "2090"]
[BlackElo "2141"]
[PlyCount "77"]
[EventDate "2000.11.26"]
[EventType "team-tourn"]
[EventRounds "7"]
[EventCountry "ENG"]
[SourceTitle "EXT 2002"]
[Source "ChessBase"]
[SourceDate "2001.11.25"]
[SourceVersion "1"]
[SourceVersionDate "2001.11.25"]
[SourceQuality "1"]
[WhiteTeam "Southern Counties Stars"]
[BlackTeam "Nidum Knights"]
[WhiteTeamCountry "ENG"]
[BlackTeamCountry "ENG"]

1. e4 c5 2. Nf3 Nc6 3. d4 cxd4 4. Nxd4 Nf6 5. Nc3 e5 6. Ndb5 d6 7. Bg5 a6 8. Bxf6 gxf6 9. Na3 f5 10. exf5 Bxf5 11. Nc4 Be6 12. Nd5 b5 13. Nce3 Bh6 14. Ng4 Bg7 15. c3 f5 16. Nge3 0-0 17. g4 fxg4 18. Qd2 Rc8 19. h4 Bh6 20. Bg2 Na5 21. b3 Kh8 22. 0-0-0 b4 23. c4 Nxc4 24. bxc4 Rxc4+ 25. Kb1 Bf5+ 26. Ka1 Bc2 27. Rc1 b3 28. axb3 Bxb3 29. Rxc4 Bxc4 30. Qb4 Bxd5 31. Bxd5 g3 32. Ng4 gxf2 33. Nxh6 f1Q+ 34. Rxf1 Rxf1+ 35. Ka2 Qf8 36. Qg4 Qf2+ 37. Kb3 Qe3+ 38. Kb4 Rf4+ 39. Qxf4 0-1

[Event "Monarch Assurance 09th"]
[Site "Port Erin"]
[Date "2000.10.14"]
[Round "1"]
[White "Rattray, Ross"]
[Black "Nicholson, John"]
[Result "1/2-1/2"]
[WhiteElo "2127"]
[BlackElo "2021"]
[PlyCount "67"]
[EventDate "2000.10.14"]
[EventType "swiss"]
[EventRounds "9"]
[EventCountry "IOM"]
[SourceTitle "CBM 078 Extra"]
[Source "ChessBase"]
[SourceDate "2000.11.10"]
[SourceVersion "1"]
[SourceVersionDate "2000.11.10"]
[SourceQuality "1"]

1. e4 e6 2. d4 d5 3. Nc3 Be7 4. f4 dxe4 5. Nxe4 Nf6 6. Nxf6+ Bxf6 7. Nf3 c5 8. Bb5+ Bd7 9. Bxd7+ Nxd7 10. Be3 Qc7 11. c3 0-0 12. 0-0 Rad8 13. Qe2 c4 14. Ne5 Nb6 15. Rf3 g6 16. g4 Bg7 17. g5 f5 18. h4 Bxe5 19. dxe5 Rd3 20. Bd4 Rxf3 21. Qxf3 Nd5 22. Kf2 b6 23. Kg3 h5 24. gxh6 Qh7 25. h5 Qxh6 26. hxg6 Qxg6+ 27. Kf2 Qh6 28. Rg1+ Kf7 29. Rh1 Qxf4 30. Qxf4 Nxf4 31. Rh7+ Kg6 32. Rxa7 Nd3+ 33. Kf3 f4 34. Re7 1/2-1/2

[Event "BCF-chT2 9900 (4NCL)"]
[Site "Birmingham"]
[Date "2000.03.26"]
[Round "8.5"]
[White "Compton, Alistair"]
[Black "Rattray, Ross"]
[Result "0-1"]
[WhiteElo "2093"]
[BlackElo "2109"]
[PlyCount "120"]
[EventDate "1999.10.??"]
[EventType "team"]
[EventRounds "11"]
[EventCountry "ENG"]
[SourceTitle "EXT 2001"]
[Source "ChessBase"]
[SourceDate "2000.11.22"]
[SourceVersion "1"]
[SourceVersionDate "2000.11.22"]
[SourceQuality "1"]
[WhiteTeam "Kings Head"]
[BlackTeam "South County Stars"]
[WhiteTeamCountry "ENG"]
[BlackTeamCountry "ENG"]

1. e4 c5 2. d4 cxd4 3. c3 dxc3 4. Nxc3 e6 5. Nf3 Be7 6. Bc4 a6 7. 0-0 d6 8. Qe2 Nc6 9. Rd1 b5 10. Bb3 Bd7 11. Bf4 e5 12. Be3 Nf6 13. Nd5 Nxd5 14. Bxd5 0-0 15. Rac1 Rc8 16. a3 Qe8 17. Rd3 Be6 18. Rdc3 Bd7 19. Qc2 Nb8 20. Bb7 Rxc3 21. Qxc3 Qd8 22. Ba7 Bg4 23. Qc7 Bf6 24. h3 Be6 25. Nh2 h5 26. Nf1 Bg5 27. Ne3 Bxe3 28. Bxe3 Qxc7 29. Rxc7 a5 30. Bb6 a4 31. Ba7 Rd8 32. Bd5 Nd7 33. Rb7 Nf6 34. Rxb5 Nxd5 35. exd5 Bc8 36. Rb8 Kf8 37. Bb6 Re8 38. f3 Ke7 39. Kf2 Ba6 40. Rxe8+ Kxe8 41. Ke3 Bf1 42. g4 h4 43. Ke4 f6 44. g5 Bxh3 45. gxf6 gxf6 46. Bf2 f5+ 47. Ke3 f4+ 48. Ke4 Bf1 49. Bxh4 Bc4 50. Bf6 Bb3 51. Bxe5 dxe5 52. Kxe5 Ke7 53. Kxf4 Bxd5 54. Ke3 Bb3 55. Kd3 Ke6 56. Ke3 Ke5 57. Ke2 Kf4 58. Kd2 Kxf3 59. Kd3 Kf2 60. Kd2 Kf1 0-1

[Event "BCF-chT2 9900 (4NCL)"]
[Site "Birmingham"]
[Date "1999.11.21"]
[Round "4.5"]
[White "White, Mark"]
[Black "Rattray, Ross"]
[Result "1/2-1/2"]
[WhiteElo "2144"]
[BlackElo "1888"]
[PlyCount "66"]
[EventDate "1999.10.??"]
[EventType "team"]
[EventRounds "11"]
[EventCountry "ENG"]
[SourceTitle "EXT 2001"]
[Source "ChessBase"]
[SourceDate "2000.11.22"]
[SourceVersion "1"]
[SourceVersionDate "2000.11.22"]
[SourceQuality "1"]
[WhiteTeam "Thistle White Rose"]
[BlackTeam "South County Stars"]
[WhiteTeamCountry "ENG"]
[BlackTeamCountry "ENG"]

1. e4 c5 2. d4 cxd4 3. c3 dxc3 4. Nxc3 Nc6 5. Nf3 e6 6. Bc4 a6 7. 0-0 Nge7 8. Bg5 f6 9. Be3 b5 10. Bb3 Ng6 11. Nd4 Na5 12. Nxe6 dxe6 13. Qxd8+ Kxd8 14. Bb6+ Ke8 15. Bxa5 Bd6 16. Bb6 Ke7 17. Rfd1 Bb7 18. f3 Rhc8 19. Ne2 Ne5 20. Rd2 Nc4 21. Bxc4 Rxc4 22. Rad1 Rc6 23. Be3 Rd8 24. e5 Bc7 25. Rxd8 Bxd8 26. Nd4 Rc8 27. exf6+ gxf6 28. Nb3 Bd5 29. Nc5 Bb6 30. b4 Rc7 31. a3 Ke8 32. Bd4 Bxc5 33. Bxc5 Rd7 1/2-1/2

[Event "BCF-chT2 9900 (4NCL)"]
[Site "Birmingham"]
[Date "1999.10.09"]
[Round "1.5"]
[White "Rattray, Ross"]
[Black "Player, Edmund C"]
[Result "1/2-1/2"]
[WhiteElo "1888"]
[BlackElo "2105"]
[PlyCount "82"]
[EventDate "1999.10.??"]
[EventType "team"]
[EventRounds "11"]
[EventCountry "ENG"]
[SourceTitle "EXT 2001"]
[Source "ChessBase"]
[SourceDate "2000.11.22"]
[SourceVersion "1"]
[SourceVersionDate "2000.11.22"]
[SourceQuality "1"]
[WhiteTeam "South County Stars"]
[BlackTeam "Perceptron Youth"]
[WhiteTeamCountry "ENG"]
[BlackTeamCountry "ENG"]

1. e4 e6 2. d4 d5 3. Nc3 Bb4 4. Nge2 dxe4 5. a3 Be7 6. Nxe4 Nf6 7. Nxf6+ Bxf6 8. Be3 c5 9. c3 cxd4 10. Nxd4 0-0 11. Qc2 e5 12. Nb3 g6 13. Bd3 Nc6 14. 0-0-0 Qc7 15. h4 Ne7 16. f3 Nf5 17. Bf2 b6 18. Nd2 Nd6 19. h5 Bf5 20. Bxf5 gxf5 21. g4 Kh8 22. gxf5 Bg5 23. Kb1 Rac8 24. Ne4 Nxe4 25. fxe4 a5 26. Qb3 b5 27. Qxb5 Rb8 28. Qd3 Rb3 29. Bh4 Bxh4 30. Rxh4 Rfb8 31. Rd2 Rxc3 32. Rc2 Rxd3 33. Rxc7 Rd2 34. Rxf7 Rbxb2+ 35. Kc1 Rdc2+ 36. Kd1 Rd2+ 37. Kc1 Rbc2+ 38. Kb1 Rb2+ 39. Kc1 Rdc2+ 40. Kd1 Rd2+ 41. Kc1 Rg2 1/2-1/2